[Event "Wch U18"]
[Site "Kemer"]
[Date "2009.11.21"]
[Round "10"]
[White "Kulakov, Viacheslav"]
[Black "Chirila, Ioan Cristian"]
[Result "0-1"]
[WhiteElo "2380"]
[BlackElo "2510"]
[PlyCount "48"]
[EventDate "2009.11.12"]
[EventType "swiss"]
[EventRounds "11"]
[EventCountry "TUR"]
[SourceTitle "EXT 2010"]
[Source "ChessBase"]
[SourceDate "2010.11.25"]
[SourceVersion "1"]
[SourceVersionDate "2010.11.25"]
[SourceQuality "1"]

1. d4 Nf6 2. Nf3 c5 3. e3 g6 4. b3 Bg7 5. Bb2 0-0 6. Nbd2 b6 7. Bd3 Bb7 8. 0-0 d6 9. Qe2 Nbd7 10. a4 Qc7 11. e4 cxd4 12. Nxd4 a6 13. b4 d5 14. c4 dxe4 15. Nxe4 Nxe4 16. Bxe4 Bxe4 17. Qxe4 Qxc4 18. Qxe7 Ne5 19. Rfc1 Qd5 20. Rd1 Rad8 21. h3 Nc4 22. Bc3 Rfe8 23. Qa7 Ra8 24. Qc7 Be5 0-1

[Event "Wch U18"]
[Site "Kemer"]
[Date "2009.11.19"]
[Round "8"]
[White "Kulakov, Viacheslav"]
[Black "Schon, Eugene"]
[Result "1-0"]
[WhiteElo "2380"]
[BlackElo "2171"]
[PlyCount "107"]
[EventDate "2009.11.12"]
[EventType "swiss"]
[EventRounds "11"]
[EventCountry "TUR"]
[SourceTitle "EXT 2010"]
[Source "ChessBase"]
[SourceDate "2010.11.25"]
[SourceVersion "1"]
[SourceVersionDate "2010.11.25"]
[SourceQuality "1"]

1. d4 d5 2. Bg5 h6 3. Bh4 c6 4. c3 Bf5 5. Nd2 Qb6 6. Qb3 Nd7 7. Ngf3 e6 8. e3 Qxb3 9. axb3 a6 10. b4 Rc8 11. Bg3 Ngf6 12. h3 Be7 13. Bh2 Bd8 14. Nb3 Bc7 15. Bxc7 Rxc7 16. b5 cxb5 17. Bxb5 0-0 18. Bxd7 Nxd7 19. Ke2 Ra8 20. Ne5 Bc2 21. Nd2 Nxe5 22. dxe5 f6 23. f4 fxe5 24. fxe5 Rf8 25. Rhf1 Rcf7 26. Rxf7 Kxf7 27. c4 Rc8 28. Rc1 Ba4 29. b3 Bc6 30. c5 Bb5+ 31. Kf2 a5 32. Nf3 Ke7 33. Nd4 Bd7 34. Ke2 Be8 35. Kd3 Bg6+ 36. Kd2 Be8 37. Kd3 Bg6+ 38. Ke2 Be8 39. g4 h5 40. g5 Bd7 41. Kf2 Be8 42. Kg2 Rc7 43. Kg3 Rc8 44. Kh4 Rc7 45. g6 Bxg6 46. Nb5 Rc6 47. Nd6 Rc7 48. Rg1 Bc2 49. Rxg7+ Kd8 50. Nxb7+ Kc8 51. Rxc7+ Kxc7 52. Nxa5 Bd1 53. b4 Be2 54. Nb3 1-0

[Event "Wch U18"]
[Site "Kemer"]
[Date "2009.11.16"]
[Round "6"]
[White "Kulakov, Viacheslav"]
[Black "Rasulov, Vugar Ural Oglu"]
[Result "1/2-1/2"]
[WhiteElo "2380"]
[BlackElo "2427"]
[PlyCount "106"]
[EventDate "2009.11.12"]
[EventType "swiss"]
[EventRounds "11"]
[EventCountry "TUR"]
[SourceTitle "EXT 2010"]
[Source "ChessBase"]
[SourceDate "2010.11.25"]
[SourceVersion "1"]
[SourceVersionDate "2010.11.25"]
[SourceQuality "1"]

1. d4 Nf6 2. Nf3 g6 3. Bg5 Bg7 4. Nbd2 0-0 5. c3 d6 6. e4 h6 7. Bh4 c5 8. dxc5 dxc5 9. Qc2 Nh5 10. Bc4 Nc6 11. Nb3 b6 12. 0-0 Qc7 13. a4 Bg4 14. Nfd2 Rad8 15. a5 Bc8 16. Bb5 Ne5 17. Nc4 Ng4 18. Bg3 Nxg3 19. hxg3 h5 20. f3 Nh6 21. axb6 axb6 22. Qf2 f5 23. exf5 Nxf5 24. Rfe1 g5 25. Rad1 Rxd1 26. Rxd1 Nxg3 27. Qe3 g4 28. Nbd2 Bf5 29. Re1 e6 30. f4 h4 31. Ne5 Rd8 32. Ndc4 Kh7 33. Bc6 Nh5 34. Qf2 g3 35. Qf3 Nf6 36. Kf1 Bh6 37. Ke2 Nd5 38. Bxd5 exd5 39. Ne3 Be4 40. Qh5 Rf8 41. Rh1 Rxf4 42. N3g4 Rxg4 43. Nxg4 Qf4 44. Qxh6+ Qxh6 45. Nxh6 Kxh6 46. Rxh4+ Kg5 47. Rh8 Bxg2 48. b4 Be4 49. Rb8 Kf4 50. Rxb6 d4 51. bxc5 d3+ 52. Kd2 g2 53. Rb1 Kf3 1/2-1/2

[Event "Wch U18"]
[Site "Kemer"]
[Date "2009.11.14"]
[Round "3"]
[White "Adhiban, Baskaran"]
[Black "Kulakov, Viacheslav"]
[Result "1/2-1/2"]
[WhiteElo "2486"]
[BlackElo "2380"]
[PlyCount "82"]
[EventDate "2009.11.12"]
[EventType "swiss"]
[EventRounds "11"]
[EventCountry "TUR"]
[SourceTitle "EXT 2010"]
[Source "ChessBase"]
[SourceDate "2010.11.25"]
[SourceVersion "1"]
[SourceVersionDate "2010.11.25"]
[SourceQuality "1"]

1. e4 c6 2. d4 d5 3. e5 Bf5 4. Nf3 e6 5. Be2 Nd7 6. 0-0 h6 7. Nbd2 Ne7 8. Nb3 Nc8 9. a4 a5 10. Bd2 Be7 11. Rc1 0-0 12. c4 dxc4 13. Bxc4 Bb4 14. Bxb4 axb4 15. a5 b6 16. axb6 Qxb6 17. Nfd2 Rd8 18. Be2 Ra2 19. Nc4 Qa7 20. Qd2 Ndb6 21. Ne3 Ne7 22. Ra1 Bg6 23. Qxb4 Nbd5 24. Nxd5 Nxd5 25. Qd2 Rb8 26. Bc4 Rxb3 27. Rxa2 Qxa2 28. Qd1 Bc2 29. Qxc2 Rxb2 30. Bxa2 Rxc2 31. Bb3 Rc3 32. Bxd5 cxd5 33. Rd1 Kh7 34. Kf1 Kg6 35. Ke2 Kf5 36. Rd3 Rxd3 37. Kxd3 Kf4 38. f3 f6 39. exf6 gxf6 40. Ke2 h5 41. g3+ Kg5 1/2-1/2

[Event "Senta op-A 13th"]
[Site "Senta"]
[Date "2009.07.25"]
[Round "9"]
[White "Kulakov, Viacheslav"]
[Black "Nestorovic, Dejan"]
[Result "1-0"]
[WhiteElo "2364"]
[BlackElo "2405"]
[PlyCount "61"]
[EventDate "2009.07.18"]
[EventType "swiss"]
[EventRounds "9"]
[EventCountry "YUG"]
[SourceTitle "CBM 131 Extra"]
[Source "ChessBase"]
[SourceDate "2009.09.03"]
[SourceVersion "2"]
[SourceVersionDate "2009.09.16"]
[SourceQuality "1"]

1. d4 Nf6 2. Bg5 Ne4 3. Bf4 d5 4. e3 c5 5. c3 Nc6 6. Nd2 Nxd2 7. Qxd2 Bf5 8. Bd3 Bxd3 9. Qxd3 e6 10. Nf3 Be7 11. 0-0 0-0 12. dxc5 Bxc5 13. Ng5 g6 14. e4 Be7 15. Nf3 dxe4 16. Qxe4 Qb6 17. b4 Bf6 18. Rac1 a5 19. Be3 Qb5 20. Bc5 Rfc8 21. c4 Qa4 22. Qf4 Kg7 23. b5 Nb4 24. Bd4 Bxd4 25. Qxd4+ Kg8 26. Qf6 Nxa2 27. Ne5 Rc7 28. Rcd1 Rf8 29. Rd8 Qb4 30. Rfd1 Rc8 31. Qxf7+ 1-0

[Event "RUS-ch U18"]
[Site "Dagomys"]
[Date "2009.04.20"]
[Round "6"]
[White "Yaksin, Oleg"]
[Black "Kulakov, Viacheslav"]
[Result "1-0"]
[WhiteElo "2339"]
[BlackElo "2326"]
[PlyCount "77"]
[EventDate "2009.04.15"]
[EventType "swiss"]
[EventRounds "9"]
[EventCountry "RUS"]
[SourceTitle "CBM 130 Extra"]
[Source "ChessBase"]
[SourceDate "2009.07.02"]
[SourceVersion "2"]
[SourceVersionDate "2009.07.15"]
[SourceQuality "1"]

1. d4 d5 2. c4 c6 3. Nf3 Nf6 4. Qc2 e6 5. g3 Nbd7 6. Bg2 Be7 7. 0-0 0-0 8. Rd1 b6 9. b3 Bb7 10. Nc3 Rc8 11. e4 dxe4 12. Ng5 c5 13. dxc5 Bxc5 14. Bxe4 Bxe4 15. Ncxe4 Nxe4 16. Qxe4 g6 17. Qh4 h5 18. g4 Qf6 19. gxh5 Qxa1 20. hxg6 Bxf2+ 21. Qxf2 fxg6 22. Qe2 Qe5 23. Qd3 Rf5 24. Qxd7 Rxg5+ 25. Bxg5 Qxg5+ 26. Kh1 Rf8 27. Qxe6+ Kh8 28. Qd6 Qf5 29. Qd4+ Kh7 30. Qd7+ Kh6 31. Qxf5 Rxf5 32. Rd7 a5 33. Rd6 b5 34. Rd5 Rf2 35. cxb5 Rxa2 36. b6 Re2 37. b7 Re8 38. Rxa5 Rb8 39. Rb5 1-0

[Event "RUS-ch U18"]
[Site "Dagomys"]
[Date "2009.04.19"]
[Round "5"]
[White "Shukh, Nikolai"]
[Black "Kulakov, Viacheslav"]
[Result "0-1"]
[WhiteElo "2338"]
[BlackElo "2326"]
[PlyCount "110"]
[EventDate "2009.04.15"]
[EventType "swiss"]
[EventRounds "9"]
[EventCountry "RUS"]
[SourceTitle "CBM 130 Extra"]
[Source "ChessBase"]
[SourceDate "2009.07.02"]
[SourceVersion "2"]
[SourceVersionDate "2009.07.15"]
[SourceQuality "1"]

1. e4 c6 2. d4 d5 3. e5 Bf5 4. Nf3 e6 5. Be2 Nd7 6. 0-0 h6 7. b3 Ne7 8. c4 Bh7 9. Bb2 g5 10. Ne1 Bg7 11. Nc3 0-0 12. cxd5 Nxd5 13. Nxd5 cxd5 14. f4 Qb6 15. Kh1 gxf4 16. Ba3 Rfc8 17. Rxf4 f6 18. Bd3 fxe5 19. Bxh7+ Kxh7 20. Rf7 Nf6 21. Bc5 Qa5 22. Nd3 Kg8 23. Nxe5 Rxc5 24. dxc5 Qc3 25. Rxg7+ Kxg7 26. Qe1 Qxe1+ 27. Rxe1 Ne4 28. Rc1 Rf8 29. Nf3 Rc8 30. b4 b6 31. c6 Nf2+ 32. Kg1 Nd3 33. Rb1 Rxc6 34. Nd4 Rc4 35. Nxe6+ Kf6 36. Nf8 Nxb4 37. Rf1+ Ke7 38. Ng6+ Kd6 39. Rf6+ Kc5 40. Ne5 Re4 41. Nd7+ Kc4 42. a3 Nd3 43. h3 Nc5 44. Rd6 Nxd7 45. Rxd7 d4 46. Kf2 d3 47. Rxa7 Kb3 48. Rd7 Kc2 49. Rc7+ Kd1 50. Rd7 d2 51. Rc7 Rf4+ 52. Kg3 Rf5 53. Rc6 Rc5 54. Rxb6 Kc2 55. Rd6 Rc3+ 0-1

[Event "RUS-ch U18"]
[Site "Dagomys"]
[Date "2009.04.15"]
[Round "1"]
[White "Kulakov, Viacheslav"]
[Black "Postnikov, Daniil"]
[Result "1-0"]
[WhiteElo "2326"]
[BlackElo "2116"]
[PlyCount "73"]
[EventDate "2009.04.15"]
[EventType "swiss"]
[EventRounds "9"]
[EventCountry "RUS"]
[SourceTitle "CBM 130 Extra"]
[Source "ChessBase"]
[SourceDate "2009.07.02"]
[SourceVersion "2"]
[SourceVersionDate "2009.07.15"]
[SourceQuality "1"]

1. d4 Nf6 2. c4 g6 3. Nc3 d5 4. cxd5 Nxd5 5. Bd2 Nb6 6. Bf4 Bg7 7. Nf3 0-0 8. e3 c5 9. Be5 cxd4 10. Bxg7 Kxg7 11. Nxd4 e5 12. Ndb5 Nc6 13. Be2 Be6 14. 0-0 a6 15. Na3 Qe7 16. Bf3 Rfd8 17. Qe2 Rac8 18. Rfd1 Nb4 19. Rxd8 Rxd8 20. b3 Rc8 21. Qd2 Rd8 22. Qe2 Qc7 23. Rc1 N6d5 24. Nab1 Qa5 25. a3 Nxc3 26. Rxc3 Nd5 27. Rc1 b5 28. Qb2 b4 29. Qxe5+ Kg8 30. axb4 Qxb4 31. Rd1 Rd7 32. h3 Qxb3 33. Nd2 Qc3 34. Qb8+ Kg7 35. Ne4 Qc7 36. Qb2+ Kg8 37. Rxd5 1-0

[Event "Moscow op-A"]
[Site "Moscow"]
[Date "2009.02.08"]
[Round "9"]
[White "Kulakov, Viacheslav"]
[Black "Omariev, Maksim"]
[Result "0-1"]
[WhiteElo "2360"]
[BlackElo "2248"]
[PlyCount "82"]
[EventDate "2009.01.31"]
[EventType "swiss"]
[EventRounds "9"]
[EventCountry "RUS"]
[SourceTitle "EXT 2023"]
[Source "ChessBase"]
[SourceDate "2022.10.05"]
[SourceVersion "1"]
[SourceVersionDate "2022.10.05"]
[SourceQuality "1"]

1. d4 d5 2. Bg5 h6 3. Bh4 c6 4. c3 Bf5 5. e3 Qb6 6. b3 Nd7 7. Nf3 e6 8. Bd3 Bxd3 9. Qxd3 Ngf6 10. Nbd2 c5 11. 0-0 Be7 12. Ne5 Nxe5 13. dxe5 Ng8 14. Bxe7 Nxe7 15. e4 Rd8 16. exd5 Rxd5 17. Qe2 0-0 18. Nc4 Qa6 19. f4 Rfd8 20. Qc2 Nf5 21. a4 h5 22. Rad1 Qc6 23. Qe2 h4 24. a5 Qb5 25. Qc2 Qd7 26. Rb1 Qc6 27. Rbd1 h3 28. gxh3 Qd7 29. Rb1 Rd3 30. Nd6 Rxd6 31. exd6 Ne3 32. Qe4 Nxf1 33. Rxf1 Qxd6 34. Qxb7 Qd2 35. Qf3 Rd3 36. Qa8+ Kh7 37. Qe4+ g6 38. b4 Rxc3 39. Qb7 Kg7 40. Rf2 Rc1+ 41. Kg2 Qe1 0-1

[Event "Moscow op-A"]
[Site "Moscow"]
[Date "2009.02.05"]
[Round "6"]
[White "Kulakov, Viacheslav"]
[Black "Semin, Gennadiy Vladimirov"]
[Result "1-0"]
[WhiteElo "2360"]
[BlackElo "2171"]
[PlyCount "71"]
[EventDate "2009.01.31"]
[EventType "swiss"]
[EventRounds "9"]
[EventCountry "RUS"]
[SourceTitle "EXT 2022"]
[Source "ChessBase"]
[SourceDate "2021.10.06"]
[SourceVersion "1"]
[SourceVersionDate "2021.10.06"]
[SourceQuality "1"]

1. d4 Nf6 2. c4 d6 3. Nc3 g6 4. e4 Bg7 5. f4 0-0 6. Nf3 c5 7. Be2 cxd4 8. Nxd4 Nc6 9. Nxc6 bxc6 10. 0-0 Rb8 11. Kh1 Qa5 12. Rb1 Bg4 13. Be3 Qh5 14. Bxa7 Ra8 15. Bd4 Bxe2 16. Nxe2 Rxa2 17. Nc3 Ng4 18. h3 Bxd4 19. Qxd4 Ra6 20. b4 Ra3 21. b5 c5 22. Qd2 Qh4 23. Rf3 Rfa8 24. Kg1 Nf6 25. e5 dxe5 26. fxe5 Ne4 27. Nxe4 Qxe4 28. Re1 Qxc4 29. b6 Ra1 30. Rff1 Rxe1 31. Rxe1 Qe6 32. b7 Rb8 33. Qb2 Qd5 34. Rb1 Qd4+ 35. Qxd4 cxd4 36. Kf2 1-0

[Event "Moscow op-A"]
[Site "Moscow"]
[Date "2009.02.04"]
[Round "5"]
[White "Konovalov, Vladislav"]
[Black "Kulakov, Viacheslav"]
[Result "1-0"]
[WhiteElo "2208"]
[BlackElo "2360"]
[PlyCount "65"]
[EventDate "2009.01.31"]
[EventType "swiss"]
[EventRounds "9"]
[EventCountry "RUS"]
[SourceTitle "EXT 2022"]
[Source "ChessBase"]
[SourceDate "2021.10.06"]
[SourceVersion "1"]
[SourceVersionDate "2021.10.06"]
[SourceQuality "1"]

1. Nf3 d5 2. g3 Nf6 3. Bg2 c6 4. 0-0 Bf5 5. c4 e6 6. b3 Nbd7 7. Bb2 Be7 8. d3 0-0 9. Nh4 Bg4 10. h3 Bh5 11. g4 Bg6 12. Nxg6 hxg6 13. Nd2 a5 14. a3 Qb6 15. e3 Nc5 16. Qc2 dxc4 17. bxc4 Qc7 18. d4 Ncd7 19. f4 g5 20. fxg5 Nh7 21. h4 Qg3 22. Rf3 Qxg4 23. Rf4 Qh5 24. Bf3 Qg6 25. Qxg6 fxg6 26. Re4 Bxg5 27. hxg5 Nxg5 28. Bg4 Nxe4 29. Bxe6+ Kh7 30. Nxe4 Rae8 31. Kg2 Nf6 32. Rh1+ Nh5 33. d5 1-0

[Event "Wch U18"]
[Site "Vung Tau"]
[Date "2008.10.23"]
[Round "5"]
[White "Kulakov, Viacheslav"]
[Black "Mitrovic, Boris"]
[Result "1-0"]
[WhiteElo "2377"]
[BlackElo "2146"]
[PlyCount "103"]
[EventDate "2008.10.20"]
[EventType "swiss"]
[EventRounds "11"]
[EventCountry "VIE"]
[SourceTitle "EXT 2009"]
[Source "ChessBase"]
[SourceDate "2008.11.26"]
[SourceVersion "1"]
[SourceVersionDate "2008.11.26"]
[SourceQuality "1"]

1. e4 c5 2. Nf3 d6 3. c3 Nf6 4. Bc4 Nc6 5. Qe2 Bg4 6. d3 g6 7. 0-0 Bg7 8. Bg5 0-0 9. Bb3 b5 10. Nbd2 b4 11. h3 Bxf3 12. Nxf3 e5 13. Nd2 h6 14. Bxf6 Qxf6 15. Bd5 Rac8 16. Bxc6 Rxc6 17. cxb4 cxb4 18. a3 bxa3 19. Rxa3 Rc2 20. Qe3 Rxb2 21. Nc4 Rb5 22. Ra6 Qe7 23. Rxa7 Qd8 24. Ra6 d5 25. Rd6 Qa8 26. Rxd5 Rxd5 27. Nb6 Rxd3 28. Qxd3 Qa7 29. Qd6 Rb8 30. Nd5 Rf8 31. Rb1 Qd4 32. Rb8 Rxb8 33. Ne7+ Kh7 34. Qxb8 h5 35. Qg8+ Kh6 36. Qxf7 Qb6 37. Kh2 Kh7 38. Nd5 Qd8 39. Ne7 Qb6 40. Nd5 Qd8 41. Kg1 Qf8 42. Qe6 Qc5 43. h4 Qc1+ 44. Kh2 Qe1 45. Qf7 Qd2 46. Nf6+ Kh6 47. Ng8+ Kh7 48. Nf6+ Kh6 49. Ne8 Qf4+ 50. Qxf4+ exf4 51. Nxg7 Kxg7 52. g3 1-0

[Event "Wch U18"]
[Site "Vung Tau"]
[Date "2008.10.22"]
[Round "4"]
[White "Schon, Eugene"]
[Black "Kulakov, Viacheslav"]
[Result "0-1"]
[WhiteElo "2066"]
[BlackElo "2377"]
[PlyCount "112"]
[EventDate "2008.10.20"]
[EventType "swiss"]
[EventRounds "11"]
[EventCountry "VIE"]
[SourceTitle "EXT 2009"]
[Source "ChessBase"]
[SourceDate "2008.11.26"]
[SourceVersion "1"]
[SourceVersionDate "2008.11.26"]
[SourceQuality "1"]

1. e4 c6 2. d4 d5 3. Nd2 dxe4 4. Nxe4 Bf5 5. Ng3 Bg6 6. h4 h6 7. Nf3 Nd7 8. h5 Bh7 9. Bd3 Bxd3 10. Qxd3 Qc7 11. Bd2 e6 12. 0-0-0 0-0-0 13. Ne4 Ngf6 14. g3 Nxe4 15. Qxe4 Bd6 16. c4 c5 17. d5 Nf6 18. Qc2 exd5 19. cxd5 Rhe8 20. Bc3 Qd7 21. Bxf6 gxf6 22. Rh4 Kb8 23. Nd2 Be5 24. Nf3 Bd6 25. Nd2 Be5 26. Nf3 Bd6 27. Nd2 f5 28. Nc4 Be7 29. Rhh1 Bf6 30. Kb1 Bd4 31. Rh4 Qxd5 32. Ne3 Qf3 33. Rf4 Qxh5 34. Qxf5 Qg6 35. Qxg6 fxg6 36. Kc2 Rf8 37. Rh1 h5 38. Rg1 b5 39. Rxf8 Rxf8 40. Rg2 Kb7 41. b3 Bxe3 42. fxe3 Kc6 43. Kd3 Kd5 44. Rd2 Rf3 45. Rg2 a5 46. a4 bxa4 47. bxa4 c4+ 48. Kd2 Ke4 49. Kc3 Rxe3+ 50. Kxc4 Kf3 51. Rd2 Kxg3 52. Rd6 g5 53. Rd5 Kf4 54. Rxa5 h4 55. Ra8 h3 56. Rh8 Kg3 0-1

[Event "EU-ch U18 18th"]
[Site "Herceg Novi"]
[Date "2008.09.24"]
[Round "9"]
[White "Kulakov, Viacheslav"]
[Black "Rozum, Ivan"]
[Result "0-1"]
[WhiteElo "2360"]
[BlackElo "2444"]
[PlyCount "90"]
[EventDate "2008.09.15"]
[EventType "swiss"]
[EventRounds "9"]
[EventCountry "MNE"]
[SourceTitle "CBM 126 Extra"]
[Source "ChessBase"]
[SourceDate "2008.11.05"]
[SourceVersion "1"]
[SourceVersionDate "2008.11.05"]
[SourceQuality "1"]

1. d4 g6 2. c4 Bg7 3. Nc3 c5 4. d5 Bxc3+ 5. bxc3 f5 6. Nf3 Qa5 7. Qc2 d6 8. g3 Nf6 9. Bh6 Rg8 10. Nd2 Nbd7 11. Bg2 Nb6 12. h3 Qa4 13. Qd3 Bd7 14. 0-0 g5 15. f4 gxf4 16. Rxf4 Nh5 17. Rf3 Rg6 18. Bf4 0-0-0 19. e4 Rdg8 20. Qe3 Nxc4 21. Nxc4 Qxc4 22. exf5 Bxf5 23. Re1 Qxa2 24. Bxd6 exd6 25. Rxf5 Nxg3 26. Rf2 Qa4 27. Qe7 Nf5 28. Rxf5 Rxg2+ 29. Kh1 Qd7 30. Rf8+ Kc7 31. Rf7 Qxe7 32. Rexe7+ Kb6 33. Rxb7+ Ka6 34. Rb1 R2g3 35. Rxh7 Rxc3 36. Rh6 Ka5 37. Kh2 Rc2+ 38. Kh1 Rg3 39. Ra1+ Kb5 40. Rxa7 Rd3 41. Ra1 Rxd5 42. h4 c4 43. Rh8 c3 44. h5 Rcd2 45. h6 c2 0-1

[Event "Wch U20"]
[Site "Gaziantep"]
[Date "2008.08.15"]
[Round "13"]
[White "Kulakov, Viacheslav"]
[Black "Stupak, Kirill"]
[Result "1-0"]
[WhiteElo "2360"]
[BlackElo "2458"]
[PlyCount "79"]
[EventDate "2008.08.03"]
[EventType "swiss"]
[EventRounds "13"]
[EventCountry "TUR"]
[SourceTitle "CBM 125 Extra"]
[Source "ChessBase"]
[SourceDate "2008.09.01"]
[SourceVersion "1"]
[SourceVersionDate "2008.09.01"]
[SourceQuality "1"]

1. d4 Nf6 2. Nf3 e6 3. Bg5 h6 4. Bxf6 Qxf6 5. e4 Qd8 6. Bd3 Be7 7. 0-0 0-0 8. Nbd2 b6 9. Qe2 Bb7 10. c3 d6 11. e5 d5 12. Ne1 c5 13. f4 cxd4 14. cxd4 Nc6 15. Nc2 Re8 16. Rf3 g6 17. g4 Bf8 18. f5 exf5 19. gxf5 Qh4 20. Qf2 Qxf2+ 21. Kxf2 f6 22. exf6 g5 23. Rg1 Kf7 24. h4 Nb4 25. hxg5 hxg5 26. Nxb4 Bxb4 27. Rxg5 Bxd2 28. Rg7+ Kxf6 29. Rxb7 Be1+ 30. Kf1 Bh4 31. Rh3 Rh8 32. Rd7 Rae8 33. Rd6+ Kg5 34. Rf3 Rh6 35. f6 Kg4 36. Kg2 Bg5 37. f7 Rf8 38. Bf5+ Kh5 39. Rh3+ Bh4 40. Bg4+ 1-0

[Event "Wch U20"]
[Site "Gaziantep"]
[Date "2008.08.14"]
[Round "12"]
[White "Lortkipanidze, Nodar"]
[Black "Kulakov, Viacheslav"]
[Result "0-1"]
[WhiteElo "2080"]
[BlackElo "2360"]
[PlyCount "128"]
[EventDate "2008.08.03"]
[EventType "swiss"]
[EventRounds "13"]
[EventCountry "TUR"]
[SourceTitle "CBM 125 Extra"]
[Source "ChessBase"]
[SourceDate "2008.09.01"]
[SourceVersion "1"]
[SourceVersionDate "2008.09.01"]
[SourceQuality "1"]

1. e4 c6 2. d4 d5 3. e5 Bf5 4. h4 h5 5. c4 e6 6. Nc3 dxc4 7. Bxc4 Ne7 8. Nge2 Nd5 9. Bxd5 cxd5 10. Bg5 Qb6 11. 0-0 Nc6 12. Na4 Qa6 13. a3 Qd3 14. Nac3 Be7 15. Bxe7 Kxe7 16. Qb3 Qa6 17. Nb5 Bc2 18. Qxc2 Qxb5 19. Rac1 Rac8 20. Qd2 Kd7 21. Rc5 Qb3 22. Rc3 Qb6 23. Rfc1 Rhf8 24. Rc5 Qb3 25. R1c2 g6 26. R2c3 Qa4 27. Qc1 Kc7 28. b3 Qa6 29. Nf4 Kb8 30. b4 Ne7 31. b5 Qa4 32. Rxc8+ Rxc8 33. Rxc8+ Nxc8 34. Qc5 Qd1+ 35. Kh2 Qd2 36. Kg3 b6 37. Qf8 Qc3+ 38. f3 Qxd4 39. Qxf7 Qxe5 40. Qxe6 Qxe6 41. Nxe6 Nd6 42. Kf4 Nxb5 43. Ke5 Nxa3 44. Nf4 Nc2 45. Nxg6 a5 46. Ne7 a4 47. Nxd5 a3 48. Nc3 b5 49. g4 b4 50. gxh5 bxc3 51. h6 a2 52. h7 a1Q 53. h8Q+ Kb7 54. Qh7+ Kb6 55. Qxc2 Qb2 56. Qg6+ Ka5 57. Kf4 Qh2+ 58. Kf5 Qc2+ 59. Kf6 Qxg6+ 60. Kxg6 c2 61. h5 c1Q 62. h6 Qg1+ 63. Kf7 Qg5 64. h7 Qh6 0-1

[Event "Wch U20"]
[Site "Gaziantep"]
[Date "2008.08.06"]
[Round "5"]
[White "Mamedov, Rauf"]
[Black "Kulakov, Viacheslav"]
[Result "1-0"]
[WhiteElo "2627"]
[BlackElo "2360"]
[PlyCount "159"]
[EventDate "2008.08.03"]
[EventType "swiss"]
[EventRounds "13"]
[EventCountry "TUR"]
[SourceTitle "CBM 125 Extra"]
[Source "ChessBase"]
[SourceDate "2008.09.01"]
[SourceVersion "1"]
[SourceVersionDate "2008.09.01"]
[SourceQuality "1"]

1. e4 c6 2. c4 d5 3. cxd5 cxd5 4. exd5 Nf6 5. Bb5+ Nbd7 6. Nc3 a6 7. Be2 Nb6 8. d4 Nbxd5 9. Nf3 e6 10. 0-0 Be7 11. Ne5 0-0 12. Bf3 Qd6 13. Bg5 Bd7 14. Rc1 Rac8 15. Qe2 b5 16. Qd2 Nxc3 17. bxc3 Nd5 18. Bxe7 Nxe7 19. Rfd1 Bc6 20. Nxc6 Nxc6 21. a4 Na5 22. Qa2 b4 23. cxb4 Qxb4 24. d5 Qb3 25. Qxb3 Nxb3 26. Rb1 Nc5 27. d6 Nxa4 28. d7 Rcd8 29. Rdc1 Rxd7 30. Rb4 Rfd8 31. Rxa4 g6 32. Rxa6 Kg7 33. h4 h5 34. Rac6 Ra7 35. Rc7 Ra5 36. Re1 Kf6 37. Rb1 Rf5 38. Rb3 Rd4 39. g3 Kg7 40. Kg2 Rd2 41. Re3 Ra5 42. Re2 Rd6 43. Rb2 Rd8 44. Rbb7 Rf8 45. Ra7 Rb5 46. Ra8 Rbb8 47. Rca7 Rbc8 48. Be4 Rfd8 49. Rxc8 Rxc8 50. Bd3 Rc5 51. Rb7 Rc8 52. Bb5 Kf6 53. f3 Kg7 54. Kf2 Kf6 55. Ke3 Rd8 56. Rc7 Rb8 57. Bc4 Rb1 58. Bd3 Re1+ 59. Kf2 Rd1 60. Bb5 Rd2+ 61. Ke3 Rd8 62. Ke4 Rb8 63. Bc4 Rb1 64. g4 hxg4 65. fxg4 Rh1 66. g5+ Kg7 67. Ke5 Re1+ 68. Kf4 Rc1 69. Rc8 Rh1 70. Kg3 Rg1+ 71. Kh2 Rb1 72. Kg2 Rb2+ 73. Kf3 Rh2 74. Rc7 Rc2 75. Ke3 Kf8 76. Rc8+ Ke7 77. Kd4 Rh2 78. Ke5 Kd7 79. Rh8 Rb2 80. Kf6 1-0

[Event "Wch U20"]
[Site "Gaziantep"]
[Date "2008.08.04"]
[Round "3"]
[White "Iturrizaga Bonelli, Eduardo"]
[Black "Kulakov, Viacheslav"]
[Result "1-0"]
[WhiteElo "2561"]
[BlackElo "2360"]
[PlyCount "59"]
[EventDate "2008.08.03"]
[EventType "swiss"]
[EventRounds "13"]
[EventCountry "TUR"]
[SourceTitle "CBM 125 Extra"]
[Source "ChessBase"]
[SourceDate "2008.09.01"]
[SourceVersion "1"]
[SourceVersionDate "2008.09.01"]
[SourceQuality "1"]

1. d4 d5 2. c4 c6 3. Nf3 Nf6 4. Nc3 e6 5. e3 Nbd7 6. Qc2 Be7 7. b3 0-0 8. Bb2 b6 9. Be2 Bb7 10. 0-0 Qc7 11. Rad1 Rfd8 12. Rfe1 Rac8 13. Bd3 c5 14. cxd5 exd5 15. Qb1 c4 16. bxc4 dxc4 17. Bf5 Rb8 18. e4 g6 19. Bh3 b5 20. Nxb5 Qb6 21. Nc3 Nxe4 22. Rxe4 Bxe4 23. Qxe4 Qxb2 24. Qxe7 Qxc3 25. Ng5 Rf8 26. Be6 Qxd4 27. Bxf7+ Kh8 28. Rf1 Qc5 29. Qxd7 Qxg5 30. Qd4+ 1-0

[Event "Wch U20"]
[Site "Gaziantep"]
[Date "2008.08.03"]
[Round "1"]
[White "Lenic, Luka"]
[Black "Kulakov, Viacheslav"]
[Result "1-0"]
[WhiteElo "2584"]
[BlackElo "2360"]
[PlyCount "47"]
[EventDate "2008.08.03"]
[EventType "swiss"]
[EventRounds "13"]
[EventCountry "TUR"]
[SourceTitle "CBM 125 Extra"]
[Source "ChessBase"]
[SourceDate "2008.09.01"]
[SourceVersion "1"]
[SourceVersionDate "2008.09.01"]
[SourceQuality "1"]

1. Nf3 d5 2. g3 Nf6 3. Bg2 b6 4. c4 e6 5. d4 Bb7 6. Ne5 Nbd7 7. Qa4 c5 8. Bg5 Be7 9. cxd5 Nxd5 10. Bxe7 Kxe7 11. Nd2 Nxe5 12. dxe5 Qc7 13. Qh4+ f6 14. Nc4 h5 15. Qe4 g5 16. exf6+ Kxf6 17. 0-0 b5 18. Nd2 Rad8 19. Qc2 Nb4 20. Qc3+ Kf7 21. Bxb7 Qxb7 22. Nf3 Qd5 23. e4 Qd3 24. Ne5+ 1-0

[Event "Pardubice Chladek&Tintera op-A 19th"]
[Site "Pardubice"]
[Date "2008.07.24"]
[Round "7"]
[White "Denisov, Ivan"]
[Black "Kulakov, Viacheslav"]
[Result "0-1"]
[WhiteElo "2169"]
[BlackElo "2360"]
[PlyCount "94"]
[EventDate "2008.07.18"]
[EventType "swiss"]
[EventRounds "9"]
[EventCountry "CZE"]
[SourceTitle "CBM 125 Extra"]
[Source "ChessBase"]
[SourceDate "2008.09.01"]
[SourceVersion "1"]
[SourceVersionDate "2008.09.01"]
[SourceQuality "1"]

1. e4 c6 2. d4 d5 3. e5 Bf5 4. Nc3 e6 5. g4 Bg6 6. Nge2 Nd7 7. h4 h5 8. Nf4 Ne7 9. Nxg6 Nxg6 10. Bd3 Ne7 11. f4 c5 12. Nb5 Nc6 13. f5 exf5 14. e6 fxe6 15. gxf5 c4 16. fxe6 cxd3 17. exd7+ Qxd7 18. Qxd3 Bb4+ 19. c3 0-0 20. Rg1 a6 21. Na3 Rae8+ 22. Kd1 Bxa3 23. bxa3 Na5 24. Bh6 Rf7 25. Rc1 Nc4 26. Rc2 Qb5 27. Kc1 Nxa3 28. Qxb5 Nxb5 29. Rcg2 Ree7 30. Bd2 Nd6 31. Rg5 Re2 32. Kd1 Rh2 33. Be1 Rxa2 34. Rxd5 Nc4 35. Rxh5 a5 36. Rb5 Re7 37. Rc5 b5 38. Rxb5 Ree2 39. Rg3 Rh2 40. Rb1 Na3 41. Rc1 Nc4 42. Rb1 a4 43. d5 a3 44. d6 Rab2 45. Ra1 a2 46. Kc1 Na3 47. Bf2 Rhxf2 0-1